000 00449nam a2200133Ia 4500
008 100328s9999 xx 000 0 und d
082 _b12665
100 _aपंडित नलिनी
245 _aराष्ट्रवादाचा विकास
260 _bसाधना
630 _aराष्ट्रवादाचा विकास
730 _aराष्ट्रवादाचा विकास
942 _cBOOK
999 _c507902
_d507899